ONUSAL: once informes de derechos humanos (tercera parte)

Salvato in:
Dettagli Bibliografici
Natura: testo
Soggetti:
Tags: Aggiungi Tag
Nessun Tag, puoi essere il primo ad aggiungerne!!

MARC

LEADER 00000 a a2200000 04500
001 5865
003
040
245 |a ONUSAL:   |b once informes de derechos humanos (tercera parte)  
650 |a DERECHOS HUMANOS  
650 |a INFORMES  
650 |a ONU  
650 |a FUERZAS ARMADAS  
650 |a INSTITUCIONES PUBLICAS  
650 |a ORGANIZACIONES NO GUBERNAMENTALES  
773 |g volumen 15, número 627; páginas 11-14  
999 |c 39278  |d 39278